00744nam a2200205 a 450000100100000000500170001000800410002702000150006804000250008308200160010810000410012424500900016526000330025530000360028849000210032450400340034583000280037995201140040799900170052100004281020201002040420.0140210s2001 sp ac 000 0 spa d a8408040138 aDO-SdBNPbspacBNPHU axxxbB726C,1 aClemente, Josep Carlesd1935-97016310aCarlos Hugo de Borbón Parma :bhistoria de una disidencia /cJosep Carles Clemente. aBarcelona :bPlaneta,c2001. a283 p. :bil., retrs. ;c24 cm.1 aPlaneta singular aBibliografía : p. [267]-273 0aPlaneta singular970164 001050718MOaGRbGRcCTd2014-02-10iLF1l0oxxx B726C,p42810-10r2020-06-25w2020-06-25y1ZNo se presta c42299d42299